Library Banner

اسلام جدید دور میں/ (Record no. 92175)

MARC details
000 -LEADER
fixed length control field 00427nam a22001457a 4500
005 - DATE AND TIME OF LATEST TRANSACTION
control field 20170330091240.0
008 - FIXED-LENGTH DATA ELEMENTS--GENERAL INFORMATION
fixed length control field 170330b xxu||||| |||| 00| 0 eng d
040 ## - CATALOGING SOURCE
Transcribing agency PK-LaUMT
082 ## - DEWEY DECIMAL CLASSIFICATION NUMBER
Classification number ZIAC 297
Item number SAL-I
100 ## - MAIN ENTRY--PERSONAL NAME
Personal name سلمان حسین خاں
245 ## - TITLE STATEMENT
Title اسلام جدید دور میں/
Statement of responsibility, etc سلمان حسین خاں
260 ## - PUBLICATION, DISTRIBUTION, ETC. (IMPRINT)
Place of publication, distribution, etc لاہور:
Name of publisher, distributor, etc اسلامک پبلیکیشنز،
Date of publication, distribution, etc 1995
300 ## - PHYSICAL DESCRIPTION
Extent 352 ص
942 ## - ADDED ENTRY ELEMENTS (KOHA)
Koha item type Books
Holdings
Withdrawn status Lost status Damaged status Home library Current library Date acquired Full call number Barcode Date last seen Price effective from Koha item type
      UMT Main Campus UMT Main Campus 2017-03-30 ZIAC 297 SAL-I 106967 2017-03-30 2017-03-30 Books